Gods and Myths of Ancient Greece (Record no. 44688)

MARC details
000 -Etiqueta do registo
Valores 00390nam a2200157 4500
100 ## - Dados gerais de processamento
Dados gerais 20250829 pory50
101 ## - Língua de publicação
Língua ing
102 ## - País de publicação
País ING
200 ## - Titulo e menção de responsabilidade
Título próprio Gods and Myths of Ancient Greece
Primeira menção de responsabilidade Mary Barnett
Outras menções de responsabilidade fot. Michael Dixon
210 ## - Publicação
Local de publicação London
Nome do editor Brockhampton Press
Data de publicação [cop. 1996]
215 ## - Descrição física 
Paginação / Volumes 112 p.
675 ## - CDU
Notação 94(38)
801 ## - Fonte de origem
País PT
Regras de catalogação RPC
990 ## - Elementos KOHA
Tipo de documento Livro
Holdings
Aquisição Empréstimo Código de barras Cota Permissão de empréstimo Tipo de documento
Biblioteca Municipal de Redondo Biblioteca Municipal de Redondo 054537 94(38) BAR   Livro

Powered by Koha